000 00608nam a2200229 i 4500
001 C2-0168549
003 PPAK
005 20180728091036.0
008 980714s1981 vaua|||| ||||| | eng d
020 _a0809441667
040 _aPPAK
_beng
_cPPAK
_erda
082 0 4 _a770
_2 23
090 0 0 _a770
_bLIG
_dR
245 0 0 _aLight and film
264 1 _aVirginia :
_bTime-Life Books ,
_c1981
300 _a240 pages :
_bcolour illustrations ;
_c25 cm
336 _2rdacontent
_atext
337 _2rdamedia
_aunmediated
338 _2rdacarrier
_avolume
650 1 0 _aPhotography - Lighting
942 _ddc
_cB
999 _c152692
_d152692